000 00685nam a2200289Ia 4500
005 20260324130400.0
008 008 260324s9999 xx 000 0 eng d
020 _a9780203943748
037 _aEBOOK
040 _aCRL
040 _beng
040 _cCRL
041 _2eng
041 _aeng
084 _qCRL
100 _aMicky Duxbury
_91181547
245 0 _aMaking Room in Our Hearts
245 0 _bKeeping Family Ties through Open Adoption
260 _bTaylor and Francis
260 _c2007
365 _a
365 _b290
856 _uhttp://www.taylorfrancis.com/books/9780203943748
942 _cEBOOK
999 _c1777698
_d1777698